| 000 | 00746nam a2200229 a 4500 | ||
|---|---|---|---|
| 999 |
_c9751 _d9751 |
||
| 001 | 9751 | ||
| 003 | BD-JhCC | ||
| 005 | 20180324183041.0 | ||
| 008 | 180324s1999 bg |||| ||a| 000 0 be d | ||
| 020 | _a9845551920 | ||
| 035 | _a(BD-JhCC)9751 | ||
| 040 |
_aBD-JhCC _dBD-JhCC |
||
| 041 | _aben | ||
| 082 |
_a323.8 _bAUY 1999 |
||
| 100 | _aআউয়াল, আবু হেনা আবদুল | ||
| 245 |
_aনজরুলের রাষ্ট্রচিন্তা ও রাজনীতি / _cআবু হেনা আবদুল আউয়াল |
||
| 260 |
_aঢাকা: _bনজরুল ইন্সটিটিউট; _c1999. |
||
| 300 |
_a148 p. : _c21 cm. |
||
| 651 | _aPolitices | ||
| 942 |
_2ddc _cBK |
||